[Event "DEM U10 2025"]
[Site "Willingen GER"]
[Date "2025.06.12"]
[Round "7"]
[White "Solar, Mavi"]
[Black "Khadem Aljamea, Adam"]
[Result "1/2-1/2"]
[Termination "normal"]
[Board "15"]
[WhiteElo "1297"]
[BlackElo "1472"]
[WhiteClock "01:24:15"]
[BlackClock "01:35:52"]
[PlyCount "59"]
[WhiteFideId "533008973"]
[BlackFideId "533012989"]
[EventCountry "GER"]
[EventRounds "9"]
[EventType "swiss"]
[EventDate "2025.06.07"]

1. e4 {[%clk 01:30:59]} e5 {[%clk 01:30:54]} {[%emt 00:00:07]} 2. Nf3 {[%clk
01:31:25]} {[%emt 00:00:03]} Nc6 {[%clk 01:31:16]} {[%emt 00:00:09]} 3. Bb5
{[%clk 01:31:49]} {[%emt 00:00:06]} Nf6 {[%clk 01:31:38]} {[%emt 00:00:08]} 4.
O-O {[%clk 01:32:04]} {[%emt 00:00:14]} Nxe4 {[%clk 01:32:05]} {[%emt
00:00:03]} 5. Re1 {[%clk 01:32:22]} {[%emt 00:00:13]} Nd6 {[%clk 01:32:27]}
{[%emt 00:00:08]} 6. Nxe5 {[%clk 01:32:39]} {[%emt 00:00:12]} Nxe5 {[%clk
01:32:51]} {[%emt 00:00:06]} 7. Rxe5+ {[%clk 01:32:49]} {[%emt 00:00:20]} Be7
{[%clk 01:33:12]} {[%emt 00:00:10]} 8. Nc3 {[%clk 01:33:02]} {[%emt 00:00:17]}
O-O {[%clk 01:33:28]} {[%emt 00:00:13]} 9. d4 {[%clk 01:33:12]} {[%emt
00:00:20]} Nxb5 {[%clk 01:33:53]} {[%emt 00:00:05]} 10. Rxb5 {[%clk 01:33:30]}
{[%emt 00:00:11]} c6 {[%clk 01:34:13]} {[%emt 00:00:11]} 11. Rb3 {[%clk
01:33:50]} {[%emt 00:00:11]} d5 {[%clk 01:34:35]} {[%emt 00:00:08]} 12. Bf4
{[%clk 01:34:06]} {[%emt 00:00:13]} Bd6 {[%clk 01:34:54]} {[%emt 00:00:11]} 13.
Bxd6 {[%clk 01:34:27]} {[%emt 00:00:09]} Qxd6 {[%clk 01:35:17]} {[%emt
00:00:07]} 14. Qd2 {[%clk 01:34:46]} {[%emt 00:00:11]} Re8 {[%clk 01:35:33]}
{[%emt 00:00:14]} 15. Re1 {[%clk 01:35:04]} {[%emt 00:00:12]} Kf8 {[%clk
01:35:54]} {[%emt 00:00:09]} 16. Rxe8+ {[%clk 01:34:45]} {[%emt 00:00:50]} Kxe8
{[%clk 01:36:09]} {[%emt 00:00:14]} 17. Qe3+ {[%clk 01:34:08]} {[%emt
00:01:07]} Qe7 {[%clk 01:35:24]} {[%emt 00:01:15]} 18. Qxe7+ {[%clk 01:32:13]}
{[%emt 00:02:25]} Kxe7 {[%clk 01:35:50]} {[%emt 00:00:04]} 19. Ne2 {[%clk
01:31:39]} {[%emt 00:01:05]} b6 {[%clk 01:36:00]} {[%emt 00:00:19]} 20. Re3+
{[%clk 01:29:22]} {[%emt 00:02:45]} Kf6 {[%clk 01:35:45]} {[%emt 00:00:47]} 21.
Nf4 {[%clk 01:28:45]} {[%emt 00:01:07]} Bf5 {[%clk 01:35:46]} {[%emt 00:00:28]}
22. c3 {[%clk 01:28:53]} {[%emt 00:00:23]} g5 {[%clk 01:35:57]} {[%emt
00:00:19]} 23. Nh5+ {[%clk 01:24:42]} {[%emt 00:04:41]} Kg6 {[%clk 01:34:37]}
{[%emt 00:01:50]} 24. Ng3 {[%clk 01:24:59]} {[%emt 00:00:13]} h5 {[%clk
01:34:36]} {[%emt 00:00:31]} 25. Nxf5 {[%clk 01:25:14]} {[%emt 00:00:15]} Kxf5
{[%clk 01:34:53]} {[%emt 00:00:14]} 26. Rf3+ {[%clk 01:25:30]} {[%emt
00:00:14]} Kg6 {[%clk 01:35:04]} {[%emt 00:00:19]} 27. Kf1 {[%clk 01:25:43]}
{[%emt 00:00:18]} Re8 {[%clk 01:35:23]} {[%emt 00:00:10]} 28. Re3 {[%clk
01:25:55]} {[%emt 00:00:18]} Rxe3 {[%clk 01:35:38]} {[%emt 00:00:15]} 29. fxe3
{[%clk 01:26:16]} {[%emt 00:00:09]} Kf5 {[%clk 01:35:52]} {[%emt 00:00:16]} 30.
Kf2 {[%clk 01:24:15]} {[%emt 00:01:52]} 1/2-1/2

[Event "DEM U10 2025"]
[Site "Willingen GER"]
[Date "2025.06.12"]
[Round "7"]
[White "Al Luwaisi, Taim"]
[Black "Zentgraf, Raphael"]
[Result "1-0"]
[Termination "normal"]
[Board "16"]
[WhiteElo "1694"]
[BlackElo "1660"]
[WhiteClock "01:06:06"]
[BlackClock "01:08:47"]
[PlyCount "107"]
[WhiteFideId "34645896"]
[BlackFideId "34684166"]
[EventCountry "GER"]
[EventRounds "9"]
[EventType "swiss"]
[EventDate "2025.06.07"]

1. Nf3 {[%clk 01:30:59]} {[%emt 00:00:01]} d5 {[%clk 01:30:00]} {[%emt
00:01:00]} 2. g3 {[%clk 01:30:55]} {[%emt 00:00:32]} Nf6 {[%clk 01:29:29]}
{[%emt 00:01:01]} 3. Bg2 {[%clk 01:31:16]} {[%emt 00:00:09]} c6 {[%clk
01:29:00]} {[%emt 00:01:00]} 4. O-O {[%clk 01:31:31]} {[%emt 00:00:14]} Bf5
{[%clk 01:27:59]} {[%emt 00:01:32]} 5. d3 {[%clk 01:31:13]} {[%emt 00:00:47]}
Nbd7 {[%clk 01:26:59]} {[%emt 00:01:30]} 6. Re1 {[%clk 01:30:52]} {[%emt
00:00:51]} e5 {[%clk 01:25:12]} {[%emt 00:02:18]} 7. Nbd2 {[%clk 01:31:05]}
{[%emt 00:00:17]} h6 {[%clk 01:20:10]} {[%emt 00:05:32]} 8. e4 {[%clk
01:31:14]} {[%emt 00:00:21]} Bh7 {[%clk 01:20:01]} {[%emt 00:00:38]} 9. exd5
{[%clk 01:31:28]} {[%emt 00:00:17]} cxd5 {[%clk 01:20:19]} {[%emt 00:00:12]}
10. Nxe5 {[%clk 01:27:55]} {[%emt 00:04:02]} Nxe5 {[%clk 01:20:05]} {[%emt
00:00:45]} 11. Rxe5+ {[%clk 01:24:57]} {[%emt 00:03:26]} Be7 {[%clk 01:20:23]}
{[%emt 00:00:13]} 12. Qe2 {[%clk 01:23:46]} {[%emt 00:01:41]} Rc8 {[%clk
01:20:25]} {[%emt 00:00:29]} 13. b3 {[%clk 01:19:48]} {[%emt 00:04:28]} Rxc2
{[%clk 01:19:54]} {[%emt 00:01:01]} 14. Ba3 {[%clk 01:20:09]} {[%emt 00:00:09]}
Rc7 {[%clk 01:20:17]} {[%emt 00:00:06]} 15. Re1 {[%clk 01:20:29]} {[%emt
00:00:10]} O-O {[%clk 01:19:16]} {[%emt 00:01:32]} 16. Bxe7 {[%clk 01:20:35]}
{[%emt 00:00:24]} Qc8 {[%clk 01:19:05]} {[%emt 00:00:41]} 17. Bxf8 {[%clk
01:20:51]} {[%emt 00:00:14]} Kxf8 {[%clk 01:19:14]} {[%emt 00:00:20]} 18. Bxd5
{[%clk 01:20:23]} {[%emt 00:00:58]} Rd7 {[%clk 01:18:28]} {[%emt 00:01:17]} 19.
Bc4 {[%clk 01:19:46]} {[%emt 00:01:07]} Rd8 {[%clk 01:15:25]} {[%emt 00:03:32]}
20. f3 {[%clk 01:18:27]} {[%emt 00:01:48]} Qc6 {[%clk 01:14:01]} {[%emt
00:01:55]} 21. Bb5 {[%clk 01:17:17]} {[%emt 00:01:41]} Qb6+ {[%clk 01:13:50]}
{[%emt 00:00:40]} 22. Kg2 {[%clk 01:17:21]} {[%emt 00:00:25]} g5 {[%clk
01:13:44]} {[%emt 00:00:37]} 23. g4 {[%clk 01:15:50]} {[%emt 00:02:01]} a6
{[%clk 01:13:18]} {[%emt 00:00:56]} 24. Bc4 {[%emt 00:00:22]} Qc6 {[%clk
01:13:02]} {[%emt 00:00:44]} 25. Ne4 {[%clk 01:06:21]} {[%emt 00:10:09]} Nd7
{[%clk 01:09:28]} {[%emt 00:04:04]} 26. Rd5 {[%clk 01:04:42]} {[%emt 00:02:09]}
b5 {[%clk 01:08:58]} {[%emt 00:01:00]} 27. Rd6 {[%clk 01:04:54]} {[%emt
00:00:19]} Qc7 {[%clk 01:09:12]} {[%emt 00:00:16]} 28. Rxh6 {[%clk 01:05:05]}
{[%emt 00:00:18]} Kg7 {[%clk 01:09:05]} {[%emt 00:00:38]} 29. Rh3 {[%clk
01:01:48]} {[%emt 00:03:46]} bxc4 {[%clk 01:09:09]} {[%emt 00:00:27]} 30. dxc4
{[%clk 01:00:37]} {[%emt 00:01:40]} Re8 {[%clk 01:09:14]} {[%emt 00:00:23]} 31.
Qb2+ {[%clk 01:00:47]} {[%emt 00:00:39]} f6 {[%clk 01:06:21]} {[%emt 00:03:23]}
32. Rxh7+ {[%clk 00:59:56]} {[%emt 00:01:20]} Kxh7 {[%clk 01:06:23]} {[%emt
00:00:29]} 33. Nxg5+ {[%clk 01:00:21]} {[%emt 00:00:05]} fxg5 {[%clk 01:06:29]}
{[%emt 00:00:24]} 34. Rxe8 {[%clk 01:00:45]} {[%emt 00:00:06]} Qd6 {[%clk
01:05:05]} {[%emt 00:01:55]} 35. Qh8+ {[%clk 01:00:54]} {[%emt 00:00:20]} Kg6
{[%clk 01:05:26]} {[%emt 00:00:08]} 36. Rg8+ {[%clk 01:01:06]} {[%emt
00:00:20]} Kf7 {[%clk 01:05:23]} {[%emt 00:00:34]} 37. Qh7+ {[%clk 01:01:15]}
{[%emt 00:00:21]} Ke6 {[%clk 01:05:46]} {[%emt 00:00:07]} 38. Rg6+ {[%clk
01:01:36]} {[%emt 00:00:09]} Nf6 {[%clk 01:06:10]} {[%emt 00:00:06]} 39. Qg8+
{[%clk 01:01:22]} {[%emt 00:00:43]} Ke5 {[%clk 01:06:12]} {[%emt 00:00:28]} 40.
Rxg5+ {[%clk 01:01:34]} {[%emt 00:00:18]} Kf4 {[%clk 01:06:07]} {[%emt
00:00:36]} 41. Rf5+ {[%clk 01:01:37]} {[%emt 00:00:27]} Ke3 {[%clk 01:06:28]}
{[%emt 00:00:09]} 42. Qg6 {[%clk 01:01:32]} {[%emt 00:00:32]} Qd2+ {[%clk
01:06:08]} {[%emt 00:00:53]} 43. Kh3 {[%clk 01:01:55]} {[%emt 00:00:07]} Nd7
{[%clk 01:06:08]} {[%emt 00:00:30]} 44. Qg5+ {[%clk 01:02:04]} {[%emt
00:00:20]} Ke2 {[%clk 01:06:22]} {[%emt 00:00:16]} 45. Qxd2+ {[%clk 01:02:28]}
{[%emt 00:00:06]} Kxd2 {[%clk 01:06:46]} {[%emt 00:00:06]} 46. Rd5+ {[%clk
01:02:55]} {[%emt 00:00:04]} Kc2 {[%clk 01:07:00]} {[%emt 00:00:16]} 47. Rxd7
{[%clk 01:03:18]} {[%emt 00:00:06]} Kb2 {[%clk 01:07:20]} {[%emt 00:00:11]} 48.
c5 {[%clk 01:03:44]} {[%emt 00:00:04]} Kxa2 {[%clk 01:07:42]} {[%emt 00:00:08]}
49. c6 {[%clk 01:04:09]} {[%emt 00:00:05]} Kxb3 {[%emt 00:00:06]} 50. c7 {[%clk
01:04:32]} {[%emt 00:00:05]} a5 {[%emt 00:00:09]} 51. c8=Q {[%clk 01:04:54]}
{[%emt 00:00:07]} a4 {[%clk 01:08:12]} {[%emt 00:00:48]} 52. Rb7+ {[%clk
01:05:14]} {[%emt 00:00:10]} Ka3 {[%clk 01:08:30]} {[%emt 00:00:12]} 53. Qc3+
{[%clk 01:05:39]} {[%emt 00:00:05]} Ka2 {[%clk 01:08:47]} {[%emt 00:00:13]} 54.
Qb2# {[%clk 01:06:06]} {[%emt 00:00:04]} 1-0

[Event "DEM U10 2025"]
[Site "Willingen GER"]
[Date "2025.06.12"]
[Round "7"]
[White "Schulze, Jonas"]
[Black "Möller, Julian"]
[Result "0-1"]
[Termination "normal"]
[Board "17"]
[WhiteElo "1658"]
[BlackElo "1161"]
[WhiteClock "00:56:03"]
[BlackClock "00:17:03"]
[PlyCount "168"]
[WhiteFideId "34687912"]
[BlackFideId "533022577"]
[EventCountry "GER"]
[EventRounds "9"]
[EventType "swiss"]
[EventDate "2025.06.07"]

1. e4 {[%clk 01:30:57]} {[%emt 00:00:02]} e5 {[%clk 01:30:52]} {[%emt
00:00:08]} 2. Nf3 {[%clk 01:31:19]} {[%emt 00:00:08]} Nc6 {[%clk 01:31:08]}
{[%emt 00:00:14]} 3. Bc4 {[%clk 01:31:32]} {[%emt 00:00:17]} Bc5 {[%clk
01:31:17]} {[%emt 00:00:22]} 4. c3 {[%clk 01:31:26]} {[%emt 00:00:35]} Nf6
{[%clk 01:31:26]} {[%emt 00:00:21]} 5. d4 {[%clk 01:31:34]} {[%emt 00:00:22]}
exd4 {[%clk 01:31:33]} {[%emt 00:00:23]} 6. e5 {[%clk 01:31:24]} {[%emt
00:00:40]} d5 {[%clk 01:31:19]} {[%emt 00:00:43]} 7. Bb5 {[%clk 01:30:30]}
{[%emt 00:01:24]} Ne4 {[%clk 01:31:11]} {[%emt 00:00:37]} 8. cxd4 {[%clk
01:29:56]} {[%emt 00:01:06]} Bb6 {[%clk 01:29:56]} {[%emt 00:01:45]} 9. Nc3
{[%clk 01:29:01]} {[%emt 00:01:24]} Bf5 {[%clk 01:27:16]} {[%emt 00:03:10]} 10.
Be3 {[%clk 01:25:47]} {[%emt 00:03:45]} O-O {[%clk 01:24:13]} {[%emt 00:03:32]}
11. O-O {[%clk 01:22:59]} {[%emt 00:03:19]} a6 {[%clk 01:22:14]} {[%emt
00:02:28]} 12. Bxc6 {[%clk 01:20:14]} {[%emt 00:03:15]} bxc6 {[%clk 01:21:48]}
{[%emt 00:00:55]} 13. Rc1 {[%clk 01:19:13]} {[%emt 00:01:32]} Qd7 {[%clk
01:20:05]} {[%emt 00:02:13]} 14. Qa4 {[%clk 01:17:11]} {[%emt 00:02:33]} Rfe8
{[%clk 01:14:04]} {[%emt 00:06:29]} 15. Ne2 {[%clk 01:15:29]} {[%emt 00:02:13]}
Re6 {[%clk 01:11:30]} {[%emt 00:03:04]} 16. Nf4 {[%clk 01:14:53]} {[%emt
00:01:06]} Rh6 {[%clk 01:03:25]} {[%emt 00:08:33]} 17. Rfd1 {[%clk 01:11:10]}
{[%emt 00:04:15]} a5 {[%clk 00:58:33]} {[%emt 00:05:22]} 18. Nd2 {[%clk
01:02:20]} {[%emt 00:09:21]} Qe8 {[%clk 00:46:46]} {[%emt 00:12:14]} 19. Nf1
{[%clk 00:56:32]} {[%emt 00:06:21]} Bd7 {[%clk 00:45:07]} {[%emt 00:02:07]} 20.
Qc2 {[%clk 00:54:16]} {[%emt 00:02:47]} Qe7 {[%clk 00:37:37]} {[%emt 00:07:58]}
21. Ng3 {[%clk 00:50:52]} {[%emt 00:03:56]} Nxg3 {[%clk 00:35:10]} {[%emt
00:02:57]} 22. fxg3 {[%clk 00:50:11]} {[%emt 00:01:12]} a4 {[%clk 00:31:32]}
{[%emt 00:04:08]} 23. Qd2 {[%clk 00:47:38]} {[%emt 00:03:03]} a3 {[%clk
00:27:18]} {[%emt 00:04:44]} 24. b3 {[%clk 00:46:55]} {[%emt 00:01:12]} Ra6
{[%clk 00:24:49]} {[%emt 00:02:58]} 25. Kh1 {[%clk 00:45:27]} {[%emt 00:01:59]}
Ba5 {[%clk 00:20:32]} {[%emt 00:04:46]} 26. Qe2 {[%clk 00:44:19]} {[%emt
00:01:39]} Ra8 {[%clk 00:19:53]} {[%emt 00:01:09]} 27. Rc5 {[%clk 00:43:41]}
{[%emt 00:01:08]} Bb4 {[%clk 00:17:37]} {[%emt 00:02:47]} 28. Rcc1 {[%clk
00:41:18]} {[%emt 00:02:53]} Ba5 {[%clk 00:15:16]} {[%emt 00:02:49]} 29. Rf1
{[%clk 00:39:45]} {[%emt 00:02:04]} Rf8 {[%clk 00:10:11]} {[%emt 00:05:31]} 30.
Qf3 {[%clk 00:32:26]} {[%emt 00:07:54]} f6 {[%clk 00:08:08]} {[%emt 00:02:28]}
31. Nxd5 {[%clk 00:30:56]} {[%emt 00:02:04]} cxd5 {[%clk 00:07:34]} {[%emt
00:01:04]} 32. Bxh6 {[%clk 00:31:13]} {[%emt 00:00:13]} gxh6 {[%clk 00:07:33]}
{[%emt 00:00:31]} 33. exf6 {[%clk 00:31:17]} {[%emt 00:00:28]} Qf7 {[%clk
00:06:49]} {[%emt 00:01:07]} 34. Qe3 {[%clk 00:30:09]} {[%emt 00:01:44]} c6
{[%clk 00:06:16]} {[%emt 00:01:03]} 35. Qe7 {[%clk 00:30:22]} {[%emt 00:00:17]}
Qxe7 {[%clk 00:06:18]} {[%emt 00:00:28]} 36. fxe7 {[%clk 00:30:41]} {[%emt
00:00:11]} Re8 {[%clk 00:06:31]} {[%emt 00:00:13]} 37. Rf6 {[%clk 00:28:55]}
{[%emt 00:02:19]} Rxe7 {[%clk 00:06:02]} {[%emt 00:01:00]} 38. Rcf1 {[%clk
00:28:15]} {[%emt 00:01:09]} Kg7 {[%clk 00:05:04]} {[%emt 00:01:28]} 39. Kg1
{[%clk 00:28:11]} {[%emt 00:00:35]} Bc3 {[%clk 00:04:14]} {[%emt 00:01:21]} 40.
R6f4 {[%clk 00:27:41]} {[%emt 00:00:59]} Bb4 {[%clk 00:01:44]} {[%emt
00:02:58]} 41. h3 {[%clk 00:26:48]} {[%emt 00:01:25]} c5 {[%clk 00:01:11]}
{[%emt 00:01:04]} 42. dxc5 {[%clk 00:26:24]} {[%emt 00:00:54]} Bxc5+ {[%clk
00:01:18]} {[%emt 00:00:22]} 43. Kh1 {[%clk 00:26:27]} {[%emt 00:00:27]} d4
{[%clk 00:30:08]} {[%emt 00:01:39]} 44. R1f3 {[%clk 00:54:54]} {[%emt
00:02:04]} Be8 {[%clk 00:26:29]} {[%emt 00:04:07]} 45. Rg4+ {[%clk 00:54:13]}
{[%emt 00:01:13]} Bg6 {[%clk 00:25:47]} {[%emt 00:01:10]} 46. h4 {[%clk
00:53:32]} {[%emt 00:01:13]} h5 {[%clk 00:24:17]} {[%emt 00:02:00]} 47. Rg5
{[%clk 00:53:28]} {[%emt 00:00:35]} Bb4 {[%clk 00:23:25]} {[%emt 00:01:21]} 48.
Rf1 {[%clk 00:52:45]} {[%emt 00:01:12]} d3 {[%clk 00:22:35]} {[%emt 00:01:21]}
49. g4 {[%clk 00:52:52]} {[%emt 00:00:24]} d2 {[%clk 00:21:34]} {[%emt
00:01:31]} 50. Rd5 {[%clk 00:52:13]} {[%emt 00:01:08]} Re1 {[%clk 00:19:57]}
{[%emt 00:02:08]} 51. Rd7+ {[%clk 00:51:55]} {[%emt 00:00:49]} Be7 {[%clk
00:20:04]} {[%emt 00:00:23]} 52. Kg1 {[%clk 00:51:54]} {[%emt 00:00:30]} Rxf1+
{[%clk 00:19:00]} {[%emt 00:01:35]} 53. Kxf1 {[%clk 00:52:13]} {[%emt
00:00:11]} d1=Q+ {[%clk 00:18:11]} {[%emt 00:01:19]} 54. Rxd1 {[%clk 00:52:25]}
{[%emt 00:00:19]} Bxh4 {[%clk 00:18:18]} {[%emt 00:00:22]} 55. gxh5 {[%clk
00:51:57]} {[%emt 00:00:58]} Bxh5 {[%clk 00:18:17]} {[%emt 00:00:31]} 56. Rd7+
{[%clk 00:51:48]} {[%emt 00:00:40]} Kg6 {[%clk 00:17:49]} {[%emt 00:00:57]} 57.
Ra7 {[%clk 00:52:01]} {[%emt 00:00:18]} h6 {[%clk 00:16:41]} {[%emt 00:01:37]}
58. Rxa3 {[%clk 00:51:50]} {[%emt 00:00:43]} Kf5 {[%clk 00:16:55]} {[%emt
00:00:15]} 59. Ra5+ {[%clk 00:51:22]} {[%emt 00:00:59]} Kg4 {[%clk 00:17:05]}
{[%emt 00:00:18]} 60. a4 {[%clk 00:51:04]} {[%emt 00:00:51]} Bg6 {[%clk
00:17:01]} {[%emt 00:00:28]} 61. b4 {[%clk 00:50:09]} {[%emt 00:01:30]} Bf6
{[%clk 00:16:57]} {[%emt 00:00:33]} 62. Ra6 {[%clk 00:49:44]} {[%emt 00:00:56]}
Bd3+ {[%clk 00:17:10]} {[%emt 00:00:17]} 63. Kf2 {[%clk 00:50:05]} {[%emt
00:00:09]} Bxa6 {[%clk 00:17:21]} {[%emt 00:00:18]} 64. b5 {[%clk 00:49:54]}
{[%emt 00:00:42]} Bc8 {[%clk 00:14:53]} {[%emt 00:02:57]} 65. a5 {[%clk
00:49:53]} {[%emt 00:00:32]} Bd4+ {[%clk 00:14:15]} {[%emt 00:01:07]} 66. Ke2
{[%clk 00:50:08]} {[%emt 00:00:15]} Kg3 {[%clk 00:14:03]} {[%emt 00:00:42]} 67.
Kd3 {[%clk 00:50:24]} {[%emt 00:00:15]} Bf2 {[%clk 00:13:23]} {[%emt 00:01:09]}
68. b6 {[%clk 00:50:38]} {[%emt 00:00:17]} Kxg2 {[%clk 00:13:35]} {[%emt
00:00:18]} 69. Kc4 {[%clk 00:50:59]} {[%emt 00:00:08]} Ba6+ {[%clk 00:12:51]}
{[%emt 00:01:13]} 70. Kd5 {[%clk 00:51:12]} {[%emt 00:00:17]} h5 {[%clk
00:13:01]} {[%emt 00:00:20]} 71. Kc6 {[%clk 00:51:29]} {[%emt 00:00:13]} h4
{[%clk 00:13:19]} {[%emt 00:00:13]} 72. b7 {[%clk 00:51:52]} {[%emt 00:00:07]}
Bxb7+ {[%clk 00:13:41]} {[%emt 00:00:08]} 73. Kxb7 {[%clk 00:52:16]} {[%emt
00:00:06]} h3 {[%clk 00:14:00]} {[%emt 00:00:10]} 74. a6 {[%clk 00:52:38]}
{[%emt 00:00:08]} h2 {[%clk 00:14:20]} {[%emt 00:00:08]} 75. a7 {[%clk
00:53:03]} {[%emt 00:00:07]} Bxa7 {[%clk 00:14:42]} {[%emt 00:00:09]} 76. Kxa7
{[%clk 00:53:23]} {[%emt 00:00:10]} h1=Q {[%emt 00:00:12]} 77. Kb8 {[%emt
00:00:08]} Qc1 {[%clk 00:14:38]} {[%emt 00:00:13]} 78. Ka8 {[%clk 00:53:47]}
{[%emt 00:00:07]} Qb1 {[%clk 00:14:47]} {[%emt 00:00:21]} 79. Ka7 {[%clk
00:54:10]} {[%emt 00:00:06]} Qb5 {[%clk 00:15:09]} {[%emt 00:00:07]} 80. Ka8
{[%clk 00:54:35]} {[%emt 00:00:06]} Kf3 {[%clk 00:15:32]} {[%emt 00:00:07]} 81.
Ka7 {[%clk 00:54:58]} {[%emt 00:00:07]} Ke4 {[%clk 00:15:55]} {[%emt 00:00:06]}
82. Ka8 {[%clk 00:55:22]} {[%emt 00:00:05]} Kd5 {[%clk 00:16:19]} {[%emt
00:00:07]} 83. Ka7 {[%clk 00:55:38]} {[%emt 00:00:14]} Kc6 {[%clk 00:16:40]}
{[%emt 00:00:10]} 84. Ka8 {[%clk 00:56:03]} {[%emt 00:00:05]} Qb7# {[%clk
00:17:03]} {[%emt 00:00:06]} 0-1